000 00363 a2200145 4500
005 20250613084925.0
020 _a0-471-22876-1
082 _a658.15 JIA
100 _aJIAMBALVO, J
245 _aManagerial Accounting
250 _a2nd Ed.
260 _aHoboken
_bJohn Wiley & Sons, Inc
_c2004.
300 _axvi,512p.
_bGlossary and Index
_c26 cm
942 _2ddc
_cBKS
999 _c3667
_d3667